000 00968cam a2200289 a 4500
001 17168
003 BD-RjUL
005 20211209000111.0
008 140216s1983 cc af 000 0 eng d
020 _a0835109909
035 _a(BD-RjUL)17225
035 _a(OCoLC)10372510
040 _aNmScW
_cDLC
_dDLC
_dBD-RjUL
_beng
041 1 _aeng
_hchi
082 _a796
_bSPO 1983
245 0 0 _aSports and public health /
_ccompiled by the China Handbook Editorial Committee ; translated by Wen Botang.
250 _a1st ed.
260 _aBeijing :
_bForeign Languages Press :
_bDistributed by China Publications Centre (Guoji Shudian),
_c1983.
300 _a176 p., [16] p. of plates :
_bill. ;
_c19 cm.
650 0 _aSports
_zChina.
_952949
650 0 _aPublic health
_zChina.
_952950
710 2 _a"Zhongguo shou ce" bian ji wei yuan hui.
_930254
942 _2ddc
_cBK
999 _c17168
_d17168